[Event "Luxembourg-chT 1112"]
[Site "Luxembourg"]
[Date "2012.03.10"]
[Round "6"]
[White "Koerholz, Ludger"]
[Black "Berend, Elvira S"]
[Result "0-1"]
[WhiteElo "2314"]
[BlackElo "2370"]
[PlyCount "124"]
[EventDate "2011.10.??"]
[EventType "team-tourn"]
[EventRounds "10"]
[EventCountry "LUX"]
[SourceTitle "EXT 2017"]
[Source "ChessBase"]
[SourceDate "2016.10.25"]
[SourceVersion "1"]
[SourceVersionDate "2016.10.25"]
[SourceQuality "1"]

1. c4 Nf6 2. Nc3 g6 3. e4 d6 4. d4 Bg7 5. Nf3 0-0 6. Be2 e5 7. dxe5 dxe5 8. Qxd8 Rxd8 9. Bg5 Nbd7 10. 0-0-0 Rf8 11. Ne1 Nc5 12. f3 Ne6 13. Be3 c6 14. Nc2 c5 15. Nd5 Nd4 16. Nxd4 Nxd5 17. cxd5 exd4 18. Bf4 Bd7 19. Kb1 Rfe8 20. Rc1 Rac8 21. Bd6 Bf8 22. Bg3 Bh6 23. Rc2 f5 24. e5 f4 25. e6 Bxe6 26. dxe6 fxg3 27. hxg3 Be3 28. Rh4 Kg7 29. Bb5 Rxe6 30. Bd7 Rec6 31. Bxc8 Rxc8 32. Re4 Kf6 33. b3 b5 34. Re2 c4 35. bxc4 bxc4 36. R2xe3 dxe3 37. Rxe3 h5 38. Kc2 Rc5 39. Ra3 a5 40. Re3 Re5 41. Ra3 Re2+ 42. Kd1 Rxg2 43. f4 c3 44. Rxc3 Rxa2 45. Rc6+ Kg7 46. Rc5 Ra3 47. Rg5 Kf6 48. Ke2 a4 49. Kf2 Rb3 50. Ra5 a3 51. Kg2 Rb2+ 52. Kh3 a2 53. g4 hxg4+ 54. Kxg4 Ke6 55. Kf3 Kd6 56. Ke4 Kc6 57. Kd4 Kb6 58. Ra8 Rf2 59. Kc3 Kb5 60. Kb3 Rxf4 61. Rb8+ Kc5 62. Kxa2 Kd4 0-1

[Event "EU-Cup 27th"]
[Site "Rogaska Slatina"]
[Date "2011.09.28"]
[Round "4"]
[White "Barthel, Ansgar"]
[Black "Koerholz, Ludger"]
[Result "0-1"]
[WhiteElo "2224"]
[BlackElo "2276"]
[PlyCount "310"]
[EventDate "2011.09.25"]
[EventType "team-swiss"]
[EventRounds "7"]
[EventCountry "SLO"]
[SourceTitle "CBM 145"]
[Source "ChessBase"]
[SourceDate "2011.11.11"]
[SourceVersion "1"]
[SourceVersionDate "2011.11.11"]
[SourceQuality "1"]
[WhiteTeam "Differdange"]
[BlackTeam "Echternach Sprenger"]
[WhiteTeamCountry "LUX"]
[BlackTeamCountry "LUX"]

1. e4 c5 2. Nf3 g6 3. d4 cxd4 4. Nxd4 Nc6 5. Nc3 Bg7 6. Be3 Nf6 7. Bc4 0-0 8. Bb3 a5 9. a4 Ng4 10. Nxc6 Nxe3 11. Nxd8 Nxd1 12. Nd5 Rxd8 13. Rxd1 Kf8 14. Nb6 Ra6 15. Nxc8 Rxc8 16. Rxd7 Rb6 17. Ke2 Bxb2 18. Rhd1 Ke8 19. R7d5 Rb4 20. Rxa5 Rxe4+ 21. Kf3 Rb4 22. Rdd5 Rb6 23. Rab5 Rf6+ 24. Ke2 Rc7 25. Rd3 Bc3 26. Rf3 Rxf3 27. Kxf3 e6 28. g4 h6 29. h4 Kd7 30. h5 g5 31. Ke4 Kc8 32. Rb6 Rd7 33. f3 Kc7 34. Rb5 b6 35. Ke3 Kc6 36. Bc4 Rd4 37. Bd3 Rxa4 38. Rb1 Bd4+ 39. Ke2 Ra3 40. Be4+ Kd6 41. Bd3 Ke5 42. Kf1 Be3 43. Ke2 Bc5 44. Kf1 Kf4 45. Kg2 f5 46. Re1 Be3 47. Rb1 Ra4 48. gxf5 exf5 49. Rf1 Ra2 50. Rb1 Ra4 51. Rf1 Ra5 52. Rd1 g4 53. fxg4 Kxg4 54. Be2+ Kg5 55. Kf3 Bc5 56. Rb1 Ra4 57. Kg2 Rd4 58. Rd1 Re4 59. Bf3 Rc4 60. Rd2 Be3 61. Re2 Kf4 62. Bd5 Rc7 63. Kf1 Rd7 64. c4 Ra7 65. Rg2 Ra1+ 66. Ke2 Ra2+ 67. Kf1 Ra3 68. Rg6 Rd3 69. Rxh6 b5 70. Rh7 b4 71. Rb7 b3 72. Rb5 Rd1+ 73. Ke2 Rd2+ 74. Ke1 b2 75. Be6 Rh2 76. Bxf5 Rxh5 77. Bd3 Rh1+ 78. Ke2 Rh2+ 79. Ke1 Bd4 80. Bg6 Bc3+ 81. Kf1 Kf3 82. Rf5+ Ke3 83. Rb5 Rd2 84. Rb3 Rd1+ 85. Kg2 Kd4 86. c5 Re1 87. Kf2 Re6 88. Bc2 Rf6+ 89. Ke2 Re6+ 90. Kf2 Rh6 91. Bb1 Rc6 92. Rb5 Kc4 93. Rb7 Rxc5 94. Ba2+ Kd3 95. Bb1+ Kd2 96. Be4 Bd4+ 97. Kf3 Rh5 98. Bg6 Rh6 99. Bf5 Bb6 100. Kg4 Rd6 101. Rb8 Rd4+ 102. Kg5 Rb4 103. Kg6 b1Q 104. Bxb1 Rxb1 105. Kf5 Kd3 106. Rb7 Kc4 107. Rd7 Rf1+ 108. Ke5 Re1+ 109. Kf5 Bd4 110. Kf4 Kd3 111. Kf5 Re5+ 112. Kf4 Re6 113. Kf5 Rf6+ 114. Kg5 Rf8 115. Kg4 Ke4 116. Re7+ Be5 117. Rb7 Rg8+ 118. Kh3 Bf4 119. Rb4+ Kf3 120. Rb3+ Be3 121. Rb4 Rg3+ 122. Kh4 Rg1 123. Kh5 Rg5+ 124. Kh4 Re5 125. Kh3 Rh5+ 126. Rh4 Rg5 127. Rb4 Rg1 128. Rb2 Re1 129. Rg2 Rh1+ 130. Rh2 Rb1 131. Rg2 Rh1+ 132. Rh2 Rg1 133. Rb2 Rg4 134. Rb3 Ra4 135. Rc3 Ra1 136. Rc2 Bd4 137. Rg2 Rh1+ 138. Rh2 Rb1 139. Rg2 Rh1+ 140. Rh2 Rg1 141. Ra2 Bc5 142. Rb2 Rg6 143. Rb3+ Be3 144. Rb4 Re6 145. Rg4 Rh6+ 146. Rh4 Rg6 147. Ra4 Rg3+ 148. Kh4 Rg1 149. Kh5 Rg5+ 150. Kh4 Rb5 151. Ra3 Rb6 152. Ra5 Rg6 153. Rb5 Rg4+ 154. Kh3 Rg1 155. Rf5+ Bf4 0-1

[Event "EU-Cup 27th"]
[Site "Rogaska Slatina"]
[Date "2011.09.27"]
[Round "3"]
[White "McMorrow, John"]
[Black "Koerholz, Ludger"]
[Result "1/2-1/2"]
[WhiteElo "2040"]
[BlackElo "2276"]
[PlyCount "100"]
[EventDate "2011.09.25"]
[EventType "team-swiss"]
[EventRounds "7"]
[EventCountry "SLO"]
[SourceTitle "CBM 145"]
[Source "ChessBase"]
[SourceDate "2011.11.11"]
[SourceVersion "1"]
[SourceVersionDate "2011.11.11"]
[SourceQuality "1"]
[WhiteTeam "Gonzaga"]
[BlackTeam "Echternach Sprenger"]
[WhiteTeamCountry "IRL"]
[BlackTeamCountry "LUX"]

1. e4 c5 2. Nf3 g6 3. d4 cxd4 4. Nxd4 Bg7 5. Nc3 Nc6 6. Be3 Nf6 7. Bc4 0-0 8. Bb3 d6 9. f3 Bd7 10. Qd2 Nxd4 11. Bxd4 b5 12. a3 a5 13. 0-0 Rc8 14. Rfd1 Bc6 15. Qf2 b4 16. Na4 Qe8 17. axb4 axb4 18. Nb6 Rc7 19. e5 dxe5 20. Bxe5 Ng4 21. fxg4 Bxe5 22. Nd5 Bxd5 23. Rxd5 Bxb2 24. Rad1 e6 25. R5d3 Qe7 26. Qf4 Qc5+ 27. Kh1 Be5 28. Qh6 Bg7 29. Qh4 h6 30. Qe1 Bc3 31. Qh4 Kg7 32. Rf1 Ra7 33. Rdf3 Qe5 34. Qf2 Bd4 35. Qd2 Bc5 36. Rh3 Rh8 37. Rhf3 Bd6 38. g3 Rd8 39. Qf2 Rdd7 40. Re1 Qg5 41. Qd4+ Kh7 42. Qe4 Bc5 43. Ref1 Bd4 44. Rf4 Qc5 45. h4 Kg7 46. h5 g5 47. R4f3 Bc3 48. Bxe6 Qd4 49. Rxf7+ Rxf7 50. Qg6+ Kh8 1/2-1/2

[Event "EU-Cup 27th"]
[Site "Rogaska Slatina"]
[Date "2011.09.26"]
[Round "2"]
[White "Koerholz, Ludger"]
[Black "Michalczak, Thomas"]
[Result "0-1"]
[WhiteElo "2276"]
[BlackElo "2316"]
[PlyCount "188"]
[EventDate "2011.09.25"]
[EventType "team-swiss"]
[EventRounds "7"]
[EventCountry "SLO"]
[SourceTitle "CBM 145"]
[Source "ChessBase"]
[SourceDate "2011.11.11"]
[SourceVersion "1"]
[SourceVersionDate "2011.11.11"]
[SourceQuality "1"]
[WhiteTeam "Echternach Sprenger"]
[BlackTeam "Solingen SG"]
[WhiteTeamCountry "LUX"]
[BlackTeamCountry "GER"]

1. c4 c5 2. Nf3 Nc6 3. Nc3 g6 4. g3 Bg7 5. Bg2 d6 6. 0-0 Qd7 7. e3 Bxc3 8. dxc3 b6 9. e4 Bb7 10. Ne1 h5 11. Nd3 0-0-0 12. h4 Nf6 13. Nf4 Ng4 14. Qe2 e6 15. Rd1 Qe7 16. Nh3 Kc7 17. Bf4 e5 18. Bd2 Rdg8 19. f3 Nh6 20. Bxh6 Rxh6 21. Rd3 f6 22. Rad1 Rd8 23. Qd2 Rhh8 24. b4 Rhg8 25. a3 g5 26. hxg5 fxg5 27. Nf2 Bc8 28. Rb1 Be6 29. Nd1 Bxc4 30. Ne3 Be6 31. Bh3 g4 32. fxg4 hxg4 33. Bg2 Rh8 34. Nf5 Qf8 35. Nh4 Qh6 36. Qe1 Ne7 37. Rbd1 Qg5 38. R1d2 Bc4 39. Qe3 Qxe3+ 40. Rxe3 Rhf8 41. Re1 Rf6 42. Bf1 Bxf1 43. Rxf1 Rxf1+ 44. Kxf1 d5 45. bxc5 bxc5 46. exd5 Rxd5 47. Re2 Kd6 48. Re3 Ke6 49. Re4 Nf5 50. Nxf5 Kxf5 51. Rc4 Rd2 52. a4 Ra2 53. Kg1 a6 54. Kf1 Rd2 55. Kg1 Rd5 56. a5 e4 57. Kf2 Ke5 58. Ke2 Kf5 59. Ke1 Re5 60. Ke2 Ke6 61. Ra4 Kd5 62. Ra1 Kc4 63. Rb1 Kxc3 64. Rb6 c4 65. Rxa6 Kb4 66. Rg6 Kxa5 67. Rxg4 Kb4 68. Rg8 c3 69. g4 Rc5 70. Rb8+ Kc4 71. Kd1 Kd3 72. Rd8+ Ke3 73. Kc2 Rg5 74. Kxc3 Rxg4 75. Re8 Ke2 76. Rh8 Rg2 77. Kd4 e3 78. Rh3 Rg4+ 79. Kc3 Rg8 80. Rh2+ Kf3 81. Rh3+ Kf2 82. Rh2+ Rg2 83. Rh1 Kf3 84. Rh3+ Ke2 85. Kd4 Rg4+ 86. Kc3 Rf4 87. Rh2+ Rf2 88. Rh3 Rf3 89. Rh2+ Ke1 90. Rh1+ Rf1 91. Rh2 e2 92. Kc2 Rf8 93. Rh1+ Kf2 94. Rh2+ Ke3 0-1

[Event "EU-Cup 25th"]
[Site "Ohrid"]
[Date "2009.10.07"]
[Round "4.3"]
[White "Koerholz, Ludger"]
[Black "Burg, Twan"]
[Result "0-1"]
[WhiteElo "2266"]
[BlackElo "2449"]
[PlyCount "108"]
[EventDate "2009.10.04"]
[EventType "team-swiss"]
[EventRounds "7"]
[EventCountry "MKD"]
[SourceTitle "CBM 133"]
[Source "ChessBase"]
[SourceDate "2009.11.19"]
[SourceVersion "1"]
[SourceVersionDate "2009.11.19"]
[SourceQuality "1"]
[WhiteTeam "Echternach Sprenger"]
[BlackTeam "Calder HMC"]
[WhiteTeamCountry "LUX"]
[BlackTeamCountry "NED"]

1. d4 d5 2. c4 c6 3. Nc3 Nf6 4. e3 e6 5. Nf3 Nbd7 6. Bd3 dxc4 7. Bxc4 b5 8. Be2 b4 9. Na4 c5 10. dxc5 Nxc5 11. Qxd8+ Kxd8 12. Nxc5 Bxc5 13. Ne5 Ke8 14. Bb5+ Ke7 15. Bd2 a5 16. Rc1 Bd6 17. Nc6+ Kf8 18. Nxa5 Ne4 19. Nc4 Rxa2 20. Nxd6 Nxd6 21. Bxb4 Ke7 22. Ba3 Rxa3 23. bxa3 Nxb5 24. a4 Nd6 25. 0-0 Bd7 26. Ra1 Ra8 27. a5 Nb7 28. a6 Nc5 29. a7 Na4 30. Rfd1 Rxa7 31. f3 Be8 32. Rd4 e5 33. Rb4 Bd7 34. Kf2 Kd6 35. Rd1+ Ke6 36. Rc1 Ra5 37. Ra1 Bc6 38. Ra2 g6 39. Rc4 Kd5 40. Rb4 Ra7 41. Kg3 Kc5 42. Rb1 Bb5 43. Rc2+ Bc4 44. Rb8 Rc7 45. Re8 f6 46. Re6 Nb2 47. Rxf6 Nd1 48. e4 Ne3 49. Rb2 Ra7 50. h4 Kd4 51. Rd6+ Kc5 52. Rd8 Ra1 53. f4 Ra3 54. Rf2 Nf1+ 0-1

[Event "EU-Cup 25th"]
[Site "Ohrid"]
[Date "2009.10.04"]
[Round "1.3"]
[White "Kuzubov, Yuriy"]
[Black "Koerholz, Ludger"]
[Result "1-0"]
[WhiteElo "2636"]
[BlackElo "2266"]
[PlyCount "37"]
[EventDate "2009.10.04"]
[EventType "team-swiss"]
[EventRounds "7"]
[EventCountry "MKD"]
[SourceTitle "CBM 133"]
[Source "ChessBase"]
[SourceDate "2009.11.19"]
[SourceVersion "1"]
[SourceVersionDate "2009.11.19"]
[SourceQuality "1"]
[WhiteTeam "DAN DZO & PGMB"]
[BlackTeam "Echternach Sprenger"]
[WhiteTeamCountry "UKR"]
[BlackTeamCountry "LUX"]

1. d4 Nf6 2. c4 e6 3. Nc3 Bb4 4. e3 0-0 5. a3 Bxc3+ 6. bxc3 b6 7. Bd3 Ba6 8. e4 Nc6 9. Nf3 Ne8 10. Qe2 Na5 11. e5 d5 12. Bxh7+ Kxh7 13. Ng5+ Kg6 14. h4 Qe7 15. h5+ Kh6 16. Qd3 Qxg5 17. Bxg5+ Kxg5 18. Qe3+ Kg4 19. f3+ 1-0

[Event "Dresden ZMD op"]
[Site "Dresden"]
[Date "2004.07.22"]
[Round "8"]
[White "Haas, Frank Martin"]
[Black "Koerholz, Ludger"]
[Result "0-1"]
[WhiteElo "2175"]
[BlackElo "2288"]
[PlyCount "120"]
[EventDate "2004.07.15"]
[EventType "tourn"]
[EventRounds "9"]
[EventCountry "GER"]
[SourceTitle "EXT 2006"]
[Source "ChessBase"]
[SourceDate "2005.11.24"]
[SourceVersion "1"]
[SourceVersionDate "2005.11.24"]
[SourceQuality "1"]

1. e4 g6 2. d4 Bg7 3. Nc3 c5 4. dxc5 Qa5 5. Nf3 Qxc5 6. Nd5 b6 7. Be3 Qc6 8. Nd4 Qb7 9. Nb5 Kf8 10. Nbc7 e6 11. Nxa8 exd5 12. Qxd5 Bxb2 13. Rb1 Bc3+ 14. Bd2 Bxd2+ 15. Kxd2 Nf6 16. Qxb7 Bxb7 17. Nc7 Nxe4+ 18. Ke3 Kg7 19. f3 Nc5 20. Nb5 Nc6 21. Nd6 Ba8 22. Bc4 Ne5 23. Bb3 Rb8 24. Rhe1 Nb7 25. Rbd1 Nxd6 26. Rxd6 Bc6 27. Kf2 Re8 28. Rd2 f6 29. h3 g5 30. Bd5 Rc8 31. c4 Bxd5 32. cxd5 Kf7 33. Re3 Rc1 34. Rb3 Ke7 35. Re2 Kd6 36. Ra3 a5 37. Rb3 Nc4 38. Rd3 b5 39. g3 Ne5 40. Rb3 b4 41. a3 a4 42. Rxb4 Nd3+ 43. Ke3 Nxb4 44. axb4 Rb1 45. Ke4 Rxb4+ 46. Kf5 Rb3 47. Rf2 Rd3 48. Kxf6 Rxd5 49. Ra2 Ra5 50. Kg7 Ke6 51. Ra3 d5 52. Kxh7 Kf5 53. f4 gxf4 54. Rf3 a3 55. Rxf4+ Kg5 56. Rg4+ Kf5 57. Rf4+ Ke5 58. Rf1 a2 59. Ra1 Kf6 60. g4 Kg5 0-1

[Event "Dresden ZMD op"]
[Site "Dresden"]
[Date "2004.07.19"]
[Round "5"]
[White "Boehme, Arne"]
[Black "Koerholz, Ludger"]
[Result "1-0"]
[WhiteElo "2110"]
[BlackElo "2288"]
[PlyCount "177"]
[EventDate "2004.07.15"]
[EventType "tourn"]
[EventRounds "9"]
[EventCountry "GER"]
[SourceTitle "EXT 2006"]
[Source "ChessBase"]
[SourceDate "2005.11.24"]
[SourceVersion "1"]
[SourceVersionDate "2005.11.24"]
[SourceQuality "1"]

1. e4 e5 2. Nf3 Nc6 3. Bb5 Bc5 4. 0-0 Nf6 5. d3 d6 6. c3 0-0 7. Re1 Bd7 8. a3 Bb6 9. Nbd2 Ng4 10. Rf1 f5 11. Nc4 fxe4 12. dxe4 Kh8 13. Nxb6 axb6 14. Bc4 Qe8 15. Qd3 Qg6 16. Nh4 Qf6 17. Qg3 Na5 18. Ba2 Be6 19. Bg5 Qf7 20. Bxe6 Qxe6 21. Nf5 Nf6 22. Bh6 g6 23. Bg7+ Kg8 24. Bxf8 Kxf8 25. Ne3 Nxe4 26. Qf3+ Nf6 27. Nd5 Qxd5 28. Qxf6+ Kg8 29. Qe7 Qc4 30. Rae1 Rf8 31. Re3 Qf7 32. Qxf7+ Rxf7 33. Re4 Nb3 34. Ra4 Rf8 35. Ra7 Rb8 36. Ra4 Nc5 37. Rg4 Nd3 38. Rd1 Nf4 39. g3 Ne6 40. Re4 g5 41. h4 h6 42. hxg5 hxg5 43. Kg2 Kg7 44. Ree1 Ra8 45. Rh1 Ra5 46. Rh5 e4 47. Rdh1 Nf8 48. Rd1 Re5 49. Rhh1 Ne6 50. b4 Nd8 51. Rhe1 Nc6 52. f3 exf3+ 53. Kxf3 b5 54. Rxe5 Nxe5+ 55. Ke4 Ng4 56. Ra1 Kf6 57. a4 bxa4 58. Rxa4 Ke6 59. Ra7 d5+ 60. Kd4 Kd6 61. Rxb7 Nf6 62. Ra7 Ne4 63. Ra6+ Kd7 64. Kxd5 Nxg3 65. Rg6 Ne2 66. Rg7+ Kd8 67. Kc4 Nf4 68. Rxg5 Kd7 69. Kb3 Kc6 70. c4 Kb7 71. Rf5 Ne6 72. Rh5 Nf4 73. Rh6 Nd3 74. Kc3 Ne5 75. b5 Nd7 76. Kb4 Ne5 77. c5 Nd3+ 78. Kc4 Ne5+ 79. Kd5 Nd3 80. Rh7 Kc8 81. b6 cxb6 82. cxb6 Kb8 83. Kc6 Ne5+ 84. Kb5 Ng6 85. Rh5 Ne7 86. Ka6 Kc8 87. Rh8+ Kd7 88. Rh7 Kd6 89. Rxe7 1-0

[Event "Dresden ZMD op"]
[Site "Dresden"]
[Date "2004.07.18"]
[Round "4"]
[White "Koerholz, Ludger"]
[Black "Meins, Gerlef"]
[Result "1/2-1/2"]
[WhiteElo "2288"]
[BlackElo "2448"]
[PlyCount "108"]
[EventDate "2004.07.15"]
[EventType "tourn"]
[EventRounds "9"]
[EventCountry "GER"]
[SourceTitle "EXT 2006"]
[Source "ChessBase"]
[SourceDate "2005.11.24"]
[SourceVersion "1"]
[SourceVersionDate "2005.11.24"]
[SourceQuality "1"]

1. c4 Nf6 2. Nf3 c6 3. d4 d5 4. e3 a6 5. Nc3 b5 6. cxd5 cxd5 7. Bd3 Bb7 8. 0-0 Nbd7 9. Ne5 e6 10. f4 Be7 11. Bd2 0-0 12. Qf3 b4 13. Ne2 Ne4 14. Qh3 f5 15. Be1 a5 16. g4 Nxe5 17. fxe5 Ng5 18. Qg2 fxg4 19. Rxf8+ Qxf8 20. Qxg4 Qf3 21. Qxf3 Nxf3+ 22. Kg2 Rf8 23. Bg3 Nh4+ 24. Kg1 Nf5 25. Bxf5 exf5 26. Rc1 Rc8 27. Rxc8+ Bxc8 28. Nf4 Bb7 29. e6 a4 30. b3 axb3 31. axb3 g5 32. Nd3 Ba6 33. Nc5 Bc8 34. Be1 Bxc5 35. dxc5 Bxe6 36. Bxb4 d4 37. exd4 Bxb3 38. c6 Kf7 39. c7 Be6 40. d5 Bc8 41. Kf2 f4 42. Kf3 Kf6 43. Ke4 Bf5+ 44. Kd4 f3 45. Be1 Ke7 46. Ke3 Kd7 47. Bg3 f2 48. Kxf2 Be4 49. d6 Bf5 50. Ke3 Kc8 51. Kd4 h5 52. Ke5 Bd7 53. Kf6 h4 54. Kxg5 h3 1/2-1/2

[Event "Dresden ZMD op"]
[Site "Dresden"]
[Date "2004.07.17"]
[Round "3"]
[White "Koerholz, Ludger"]
[Black "Barlage, Tonio"]
[Result "1-0"]
[WhiteElo "2288"]
[BlackElo "1995"]
[PlyCount "71"]
[EventDate "2004.07.15"]
[EventType "tourn"]
[EventRounds "9"]
[EventCountry "GER"]
[SourceTitle "EXT 2006"]
[Source "ChessBase"]
[SourceDate "2005.11.24"]
[SourceVersion "1"]
[SourceVersionDate "2005.11.24"]
[SourceQuality "1"]

1. c4 Nf6 2. d4 e6 3. Nf3 Bb4+ 4. Nbd2 b6 5. g3 Bb7 6. Bg2 c5 7. a3 Bxd2+ 8. Qxd2 cxd4 9. Qxd4 Nc6 10. Qf4 Na5 11. Bd2 Nb3 12. Rd1 Nxd2 13. Rxd2 Rc8 14. 0-0 0-0 15. Rfd1 d5 16. Ne5 Qc7 17. Rd4 Qb8 18. g4 dxc4 19. Bxb7 Qxb7 20. Nxc4 Qc7 21. Nd6 Nd5 22. Qg3 Rcd8 23. Nb5 Qc2 24. R4d2 Qa4 25. Nd6 g5 26. Rd4 Qc2 27. Qe5 Rxd6 28. Qxd6 Qxe2 29. Qg3 Nf4 30. Kh1 e5 31. R4d2 Qb5 32. Qe3 Ne6 33. Rd5 Qc6 34. Qxe5 f6 35. Qe4 Re8 36. Rxg5+ 1-0

[Event "Oberliga Sued W 0304"]
[Site "Germany"]
[Date "2004.03.28"]
[Round "8.4"]
[White "Koerholz, Ludger"]
[Black "Junker, Reiner"]
[Result "0-1"]
[WhiteElo "2323"]
[BlackElo "2314"]
[PlyCount "56"]
[EventDate "2003.10.12"]
[EventType "team"]
[EventRounds "9"]
[EventCountry "GER"]
[SourceTitle "EXT 2006"]
[Source "ChessBase"]
[SourceDate "2005.11.24"]
[SourceVersion "1"]
[SourceVersionDate "2005.11.24"]
[SourceQuality "1"]
[WhiteTeam "Trier"]
[BlackTeam "Ludwigshafen"]
[WhiteTeamCountry "GER"]
[BlackTeamCountry "GER"]

1. d4 f5 2. Nc3 Nf6 3. Bg5 d5 4. f3 Nc6 5. Qd2 h6 6. Bh4 g5 7. Bf2 e5 8. dxe5 Nxe5 9. h4 Rg8 10. hxg5 hxg5 11. 0-0-0 Be6 12. e4 dxe4 13. Qe2 Bd6 14. fxe4 Qe7 15. exf5 Bxf5 16. Nd5 Nxd5 17. Rxd5 Qe6 18. Rb5 0-0-0 19. Rb3 Rge8 20. Nh3 Nd3+ 21. cxd3 Qxe2 22. Bxe2 Rxe2 23. Re1 Rde8 24. Rxe2 Rxe2 25. Bd4 Rxg2 26. Nf2 g4 27. Rb5 Be6 28. Rg5 Bf4+ 0-1

[Event "EU-Cup 19th"]
[Site "Rethymno"]
[Date "2003.09.28"]
[Round "1.2"]
[White "Koerholz, Ludger"]
[Black "Hracek, Zbynek"]
[Result "0-1"]
[WhiteElo "2336"]
[BlackElo "2584"]
[PlyCount "54"]
[EventDate "2003.09.28"]
[EventType "team-swiss"]
[EventRounds "7"]
[EventCountry "GRE"]
[SourceTitle "CBM 098"]
[Source "ChessBase"]
[SourceDate "2004.02.03"]
[SourceVersion "1"]
[SourceVersionDate "2004.02.03"]
[SourceQuality "1"]
[WhiteTeam "Echternach Sprenger"]
[BlackTeam "Werder Bremen"]
[WhiteTeamCountry "LUX"]
[BlackTeamCountry "GER"]

1. d4 Nf6 2. c4 e6 3. Nf3 Bb4+ 4. Nbd2 d5 5. g3 dxc4 6. Bg2 0-0 7. 0-0 b5 8. a4 c6 9. Qc2 Bb7 10. Rd1 Nbd7 11. e4 Re8 12. e5 Nd5 13. Ne4 Bf8 14. h4 Nb4 15. Qe2 Nd3 16. Bg5 f6 17. exf6 gxf6 18. Be3 Nb6 19. b3 Nd5 20. bxc4 bxc4 21. Nfd2 Ba6 22. Bf1 f5 23. Ng5 h6 24. Qh5 hxg5 25. Qg6+ Bg7 26. Bxg5 Qd7 27. g4 Qf7 0-1

[Event "Oberliga Sued W 0203"]
[Site "Germany"]
[Date "2002.12.15"]
[Round "5.2"]
[White "Bastian, Herbert"]
[Black "Koerholz, Ludger"]
[Result "1-0"]
[WhiteElo "2375"]
[BlackElo "2371"]
[PlyCount "109"]
[EventDate "2002.10.??"]
[EventType "team"]
[EventRounds "9"]
[EventCountry "GER"]
[SourceTitle "EXT 2005"]
[Source "ChessBase"]
[SourceDate "2004.11.15"]
[SourceVersion "1"]
[SourceVersionDate "2004.11.15"]
[SourceQuality "1"]

1. e4 g6 2. d4 Bg7 3. c3 c5 4. dxc5 Qc7 5. Be3 Nf6 6. Nd2 0-0 7. Bd3 Na6 8. Nb3 b6 9. cxb6 axb6 10. Ne2 Bb7 11. f3 d5 12. exd5 Nxd5 13. Bf2 Rfd8 14. Qd2 Nc5 15. Nxc5 bxc5 16. Qc2 Bh6 17. Rd1 Ne3 18. Bxe3 Bxe3 19. Ng3 Rxa2 20. Qe2 Bf4 21. 0-0 Qb6 22. Bc4 Rxd1 23. Rxd1 Ba6 24. Bxa6 Qxa6 25. Qxe7 Kg7 26. Qxc5 Rxb2 27. Qd4+ Qf6 28. Ne4 Qe5 29. Qxe5+ Bxe5 30. g3 Rc2 31. Rd3 f5 32. Rd7+ Kh6 33. Nf2 Rxc3 34. Nd3 Bf6 35. h4 Ra3 36. Kf2 Ra2+ 37. Ke3 Rg2 38. Kf4 g5+ 39. hxg5+ Bxg5+ 40. Kxf5 Rxg3 41. f4 Bh4 42. Ne5 Rg7 43. Ng4+ Rxg4 44. Kxg4 Bf6 45. Kf5 Bc3 46. Rd3 Bb2 47. Rg3 Bc1 48. Rg2 Ba3 49. Ke6 Kh5 50. f5 h6 51. f6 Kh4 52. Ra2 Bc5 53. Ra5 Bf8 54. Ra8 Bc5 55. Kd5 1-0

[Event "Taastrup 30th anniv op"]
[Site "Taastrup"]
[Date "2002.11.30"]
[Round "9"]
[White "Koerholz, Ludger"]
[Black "Hermansson, Emil"]
[Result "0-1"]
[WhiteElo "2356"]
[BlackElo "2370"]
[PlyCount "110"]
[EventDate "2002.11.22"]
[EventType "swiss"]
[EventRounds "9"]
[EventCountry "DEN"]
[SourceTitle "CBM 091 Extra"]
[Source "ChessBase"]
[SourceDate "2003.01.09"]
[SourceVersion "1"]
[SourceVersionDate "2003.01.09"]
[SourceQuality "1"]

1. Nf3 Nf6 2. g3 d5 3. Bg2 c6 4. 0-0 Bf5 5. d3 Nbd7 6. Nfd2 e5 7. e4 dxe4 8. dxe4 Be6 9. Qe2 Be7 10. Nc4 0-0 11. Nbd2 Re8 12. a4 Qc7 13. Nf3 Nc5 14. Ng5 Bg4 15. f3 Bc8 16. f4 Bg4 17. Qf2 exf4 18. Bxf4 Qd8 19. Be3 Ne6 20. e5 Nd5 21. Nxf7 Qd7 22. Qd2 Rf8 23. Nfd6 Nxe3 24. Nxe3 Bg5 25. Qd3 Bh5 26. Be4 Kh8 27. b4 Qe7 28. Nef5 Qc7 29. h4 Be7 30. Qc4 Bxd6 31. Nxd6 Qb6+ 32. Kg2 Nc7 33. a5 Qe3 34. Qd3 Qh6 35. c3 Qe6 36. Rae1 Bg4 37. Bf5 Bxf5 38. Nxf5 Nd5 39. Nd6 Qg4 40. Nf7+ Kg8 41. Ng5 g6 42. Re4 Qd7 43. e6 Nf4+ 44. Rexf4 Qxd3 45. Ne4 Qd5 46. e7 Rxf4 47. Rxf4 Kg7 48. c4 Qxc4 49. h5 gxh5 50. g4 h4 51. Kh3 Qe6 52. Kxh4 Qxe7+ 53. g5 h6 54. Nf6 hxg5+ 55. Kxg5 Rf8 0-1

[Event "Taastrup 30th anniv op"]
[Site "Taastrup"]
[Date "2002.11.28"]
[Round "7"]
[White "Nielsen, Niels Peter"]
[Black "Koerholz, Ludger"]
[Result "0-1"]
[WhiteElo "2147"]
[BlackElo "2356"]
[PlyCount "80"]
[EventDate "2002.11.22"]
[EventType "swiss"]
[EventRounds "9"]
[EventCountry "DEN"]
[SourceTitle "CBM 091 Extra"]
[Source "ChessBase"]
[SourceDate "2003.01.09"]
[SourceVersion "1"]
[SourceVersionDate "2003.01.09"]
[SourceQuality "1"]

1. e4 g6 2. d4 Bg7 3. Nf3 c5 4. c3 Qc7 5. h3 d6 6. Be3 Nd7 7. Be2 Ngf6 8. Nbd2 0-0 9. 0-0 b6 10. Re1 Bb7 11. d5 e6 12. dxe6 fxe6 13. Ng5 Rae8 14. Bf4 Qc6 15. Qb3 c4 16. Qxc4 Nc5 17. b4 Nfxe4 18. Ndxe4 d5 19. Qb5 Nxe4 20. Nxe4 Rxf4 21. Nd6 Qxd6 22. Qxe8+ Rf8 23. Qa4 Bxc3 24. Qxa7 Bxe1 25. Rxe1 Qxb4 26. Rf1 Bc6 27. Qc7 Qc5 28. Qe5 Bd7 29. Bg4 Kf7 30. Re1 Re8 31. Qf4+ Kg7 32. h4 Rf8 33. Qe5+ Rf6 34. Qb2 d4 35. Re4 d3 36. Rd4 Bb5 37. a4 Qc2 38. Rb4 Qxb2 39. Rxb2 Bxa4 40. Rxb6 Rf4 0-1

[Event "Oberliga Sued W 0203"]
[Site "Germany"]
[Date "2002.11.03"]
[Round "3.1"]
[White "Koerholz, Ludger"]
[Black "Kargoll, Peter"]
[Result "1-0"]
[WhiteElo "2371"]
[BlackElo "2260"]
[PlyCount "83"]
[EventDate "2002.10.??"]
[EventType "team"]
[EventRounds "9"]
[EventCountry "GER"]
[SourceTitle "EXT 2005"]
[Source "ChessBase"]
[SourceDate "2004.11.15"]
[SourceVersion "1"]
[SourceVersionDate "2004.11.15"]
[SourceQuality "1"]

1. c4 e6 2. Nf3 d5 3. g3 Nf6 4. Bg2 Be7 5. 0-0 c5 6. d4 cxd4 7. Nxd4 0-0 8. cxd5 Nxd5 9. Qb3 Nc6 10. Rd1 Na5 11. Qf3 Qb6 12. Nc3 Nxc3 13. Qxc3 Bb4 14. Qd3 Bc5 15. Be3 e5 16. Nc2 Bxe3 17. Nxe3 Be6 18. Nd5 Qxb2 19. Rab1 e4 20. Bxe4 Qe5 21. Rb5 Bxd5 22. Qxd5 Qxd5 23. Bxd5 Nc6 24. Rxb7 Rad8 25. e4 Kh8 26. Rc1 Ne5 27. Rcc7 a5 28. f4 Ng4 29. Rxf7 Rxf7 30. Rxf7 Nf6 31. Ra7 Nxd5 32. exd5 Kg8 33. Rxa5 Rb8 34. d6 Kf7 35. Rd5 Ke6 36. Rd2 Kd7 37. Kf2 Rb4 38. Kf3 h5 39. Kg2 Ra4 40. Kh3 g6 41. Kh4 Ra5 42. h3 1-0

[Event "Trier op"]
[Site "Trier"]
[Date "2002.08.02"]
[Round "7"]
[White "Koerholz, Ludger"]
[Black "Kluger, Carsten"]
[Result "1-0"]
[WhiteElo "2371"]
[BlackElo "2130"]
[PlyCount "51"]
[EventDate "2002.07.27"]
[EventType "swiss"]
[EventRounds "9"]
[EventCountry "GER"]
[SourceTitle "CBM 089 Extra"]
[Source "ChessBase"]
[SourceDate "2002.09.10"]
[SourceVersion "2"]
[SourceVersionDate "2002.09.10"]
[SourceQuality "1"]

1. c4 g6 2. d4 Bg7 3. Nc3 d6 4. Nf3 c6 5. g3 Nd7 6. Bg2 Ngf6 7. 0-0 e5 8. b3 Qa5 9. Qc2 0-0 10. Rd1 Re8 11. e4 a6 12. a4 b5 13. b4 Qxb4 14. axb5 Qxc4 15. Ra4 Qe6 16. bxc6 Nc5 17. dxc5 dxc5 18. Nb5 Qxc6 19. Nd6 Bd7 20. Ra5 Re6 21. Nxe5 Rxe5 22. f4 Rxe4 23. Nxe4 Nxe4 24. Bxe4 Bf5 25. Bxc6 Bxc2 26. Bxa8 1-0